| 000 | 00522nam a2200181 a 4500 | ||
|---|---|---|---|
| 005 | 20240920063857.0 | ||
| 008 | 991125s1986 es 000 0 spa u | ||
| 035 | _aUPN01000003972 | ||
| 049 | _aCG | ||
| 050 | 4 |
_aLC5373 _bG3.3 |
|
| 100 | 1 | _aGarcía Llamas, José Luis | |
| 245 | 1 | 3 |
_aEl aprendizaje adulto en un sistema abierto y a distancia / _cJ. L. García Llamas. |
| 260 |
_aMadrid : _bNarcea, _c1986. |
||
| 300 | _a240 p. | ||
| 440 | 0 | _aNarcea sociocultural | |
| 650 | 4 |
_aEducación de adultos _9956 |
|
| 905 | _aLibro | ||
| 999 |
_c3972 _d3972 |
||